Statistics for UEFA Club Coefficient Champions

Click here to take the quiz!

General Stats

  • This quiz has been taken 37 times
  • The average score is 14 of 20

Answer Stats

Answer% Correct
Real Madrid
100%
Juventus
100%
Bayern Munich
100%
Chelsea
97%
Benfica
94%
AS Monaco
91%
Shakhtar Donetsk
77%
Dinamo Zagreb
74%
Anderlecht
74%
Feyenoord
74%
Olympiacos
74%
Spartak Moscow
69%
FC København
69%
Basel
69%
Legia Warsaw
66%
Beşiktaş
66%
Red Bull Salzburg
54%
Slavia Prague
51%
BATE Borisov
40%
Viitorul Constanța
9%

Score Distribution

Percentile by Number Answered

Percent of People with Each Score

Your Score History

You have not taken this quiz